Top Player on Every MLB Team 2024 Season - Statistics

General Stats
  • This quiz has been taken 36 times
  • The average score is 19 of 30
Answer Stats
Hint Answer % Correct
Yankees Aaron Judge
97%
Red Sox Rafael Devers
83%
Dodgers Shohei Ohtani
79%
Royals Bobby Witt Jr
76%
Orioles Gunnar Henderson
76%
Angels Mike Trout
76%
Braves Ronald Acuna Jr.
76%
Blue Jays Vladmir Guerrero Jr.
76%
Phillies Bryce Harper
72%
Rangers Corey Seager
72%
Guardians Jose Ramirez
72%
Reds Elly De La Cruz
69%
Mariners Julio Rodriguez
66%
White Sox Luis Robert Jr.
66%
Brewers Christian Yelich
62%
Pirates Paul Skenes
62%
Astros Yordan Alvarez
62%
Cardinals Nolan Arenado
59%
Mets Pete Alonso
59%
Tigers Tarik Skubal
59%
Twins Carlos Correa
55%
Nationals CJ Abrams
55%
Cubs Cody Bellinger
55%
Diamondbacks Corbin Carroll
55%
Padres Manny Machado
55%
Rays Yandy Diaz
52%
Rockies Ezequiel Tovar
48%
Giants Logan Webb
48%
A's Mason Miller
45%
Marlins Jake Burger
21%
No matching quizzes found
Score Distribution
Percent of People with Each Score
Percentile by Number Answered
Your Score History
You have not taken this quiz